Regulátor budenia synchrónného generátora

Saved in:
Bibliographic Details
Main Author: Žiška, Henrich (Author)
Other Authors: Murgaš, Ján, 1951- (Thesis advisor)
Format: Manuscript Book
Language:Slovak
Published: Bratislava : STU v Bratislave FEI, 2001
Subjects:
Tags: Add Tag
No Tags, Be the first to tag this record!

MARC

LEADER 00000ntm a22000003a 4500
001 stu58713
005 20160719164823.8
008 010716s2001------------------------slo-d
040 |a STU  |b slo 
041 0 |a slo 
100 1 |a Žiška, Henrich  |4 aut 
245 1 |a Regulátor budenia synchrónného generátora 
260 |a Bratislava :  |b STU v Bratislave FEI,  |c 2001 
300 |a 110 s 
650 7 |a automatizácia  |2 stusub 
700 1 |a Murgaš, Ján,  |d 1951-  |4 ths  |u E011  |U FEI Fakulta elektrotechniky a informatiky  |T FEI Ústav robotiky a kybernetiky  |X 4933  |U E011  |Y 356  |7 A000004933